सरल वास्तु शास्त्र / (Record no. 18254)
[ view plain ]
| 000 -LEADER | |
|---|---|
| fixed length control field | 01268nam a22002657a 4500 |
| 005 - DATE AND TIME OF LATEST TRANSACTION | |
| control field | 20180824142028.0 |
| 010 ## - LCCN (DPL NO) | |
| LC control number | HIN-84784 B-699104-110 |
| 020 ## - INTERNATIONAL STANDARD BOOK NUMBER | |
| Terms of availability | 300.00 |
| International Standard Book Number | 9788188318787 |
| 035 ## - SYSTEM CONTROL NUMBER | |
| System control number | HN-57130 |
| 035 ## - SYSTEM CONTROL NUMBER | |
| System control number | B-699104-110 |
| 037 ## - SOURCE OF ACQUISITION | |
| Source of stock number/acquisition | DBAD / PUB |
| 082 ## - DEWEY DECIMAL CLASSIFICATION NUMBER | |
| Classification number | 133.323 |
| 100 ## - MAIN ENTRY--PERSONAL NAME | |
| Personal name | मिश्र, रामेश्वर |
| 245 ## - TITLE STATEMENT | |
| Title | सरल वास्तु शास्त्र / |
| Statement of responsibility, etc | रामेश्वर मिश्र |
| 246 ## - VARYING FORM OF TITLE | |
| Title proper/short title | Saral Vastu Shastra |
| Remainder of title | by Rameshvar Mishra |
| 260 ## - PUBLICATION, DISTRIBUTION, ETC. (IMPRINT) | |
| Place of publication, distribution, etc | नई दिल्ली |
| Name of publisher, distributor, etc | सन शाइन बुक्स |
| Date of publication, distribution, etc | 2015 |
| 270 ## - ADDRESS | |
| Address | 4760-61, द्वितीय तल, 23, अंसारी रोड, दरियागंज |
| City | नई दिल्ली |
| Postal code | 110002 |
| 300 ## - PHYSICAL DESCRIPTION | |
| Extent | 140 पृ |
| Dimensions | 22सेमी (सजिल्द) |
| 650 ## - SUBJECT ADDED ENTRY--TOPICAL TERM | |
| Topical term or geographic name as entry element | वास्तुकला, हिन्दू |
| Geographic subdivision | भारत |
| 650 ## - SUBJECT ADDED ENTRY--TOPICAL TERM | |
| Topical term or geographic name as entry element | Architecture, Hindu |
| Geographic subdivision | India |
| 650 ## - SUBJECT ADDED ENTRY--TOPICAL TERM | |
| Topical term or geographic name as entry element | वास्तु |
| Geographic subdivision | भारत |
| 650 ## - SUBJECT ADDED ENTRY--TOPICAL TERM | |
| Topical term or geographic name as entry element | Vaastu |
| Geographic subdivision | India |
| 942 ## - ADDED ENTRY ELEMENTS (KOHA) | |
| Source of classification or shelving scheme | Dewey Decimal Classification |
| Item type | Hindi Books |
| Call number suffix | मिश्ररा |
| Classification part | 133.323 |
| Withdrawn status | Lost status | Not for loan | Home library | Current library | Date acquired | Cost, normal purchase price | Full call number | Barcode | Copy number | Cost, replacement price | Koha item type | Collection code | Source of acquisition |
|---|---|---|---|---|---|---|---|---|---|---|---|---|---|
| Ashok Vihar | Ashok Vihar | 24/08/2018 | 300.00 | 133.323 मिश्ररा | B-699105 | 1 | 300.00 | Hindi Books | Non-fiction | Sunshine Books/IN4763/05-05-18/362/04-05-18/19-07-18 | |||
| Central Library | Central Library | 24/08/2018 | 300.00 | 133.323 मिश्ररा | B-699104 | 1 | 300.00 | Hindi Books | Non-fiction | Sunshine Books/IN4763/05-05-18/362/04-05-18/19-07-18 | |||
| Not For Loan | D.B.Act.Division | D.B.Act.Division | 10/11/2008 | 175.00 | 133.323 मिश्ररा | HN-57130 | 1 | 175.00 | Hindi Books | ||||
| Janak Puri | Janak Puri | 24/08/2018 | 300.00 | 133.323 मिश्ररा | B-699107 | 1 | 300.00 | Hindi Books | Non-fiction | Sunshine Books/IN4763/05-05-18/362/04-05-18/19-07-18 | |||
| Patel Nagar | Patel Nagar | 24/08/2018 | 300.00 | 133.323 मिश्ररा | B-699106 | 1 | 300.00 | Hindi Books | Non-fiction | Sunshine Books/IN4763/05-05-18/362/04-05-18/19-07-18 | |||
| Sarojini Nagar | Sarojini Nagar | 24/08/2018 | 300.00 | 133.323 मिश्ररा | B-699108 | 1 | 300.00 | Hindi Books | Non-fiction | Sunshine Books/IN4763/05-05-18/362/04-05-18/19-07-18 | |||
| Shahdara Branch | Shahdara Branch | 24/08/2018 | 300.00 | 133.323 मिश्ररा | B-699110 | 1 | 300.00 | Hindi Books | Non-fiction | Sunshine Books/IN4763/05-05-18/362/04-05-18/19-07-18 | |||
| Vinoba Puri | Vinoba Puri | 24/08/2018 | 300.00 | 133.323 मिश्ररा | B-699109 | 1 | 300.00 | Hindi Books | Non-fiction | Sunshine Books/IN4763/05-05-18/362/04-05-18/19-07-18 |
